000 00364nam a2200145Ia 4500
008 230917s9999||||xx |||||||||||||| ||und||
040 _e106797
_aMAIN
041 _aEnglish
082 _a300.72 B293R
100 _aBasotia, G R
245 0 _aReseach methology: Made simple
260 _aJaipur
_bMangaldeep Publications
_c2002
300 _a295 p.
942 _cBK
999 _c121223
_d121223